000
00510nam a2200169Ia 4500
008
090711s9999 xx 000 0 und d
082
_b
875
100
_a
भसे पोपटराव
245
_a
प्रतिकार
260
_b
शांती पब्लिकेशन्स
_c
1997
300
_a
286
600
_a
भसे पोपटराव
630
_a
प्रतिकार
700
_a
भसे पोपटराव
730
_a
प्रतिकार
942
_c
BOOK
999
_c
324385
_d
324385